000 00659nab a2200181 4500
001 244442
003 OSt
005 20231011083336.0
007 tu
008 200917s2020|||||||
040 _aDE-2950
_cDE-2950
245 0 0 _aStadt schließt Tagespflege - Angehörige reagieren empört
_bPflege. Die Gemeinnützige Pflege- und Betreuungsgesellschaft der Stadt Frankfurt (Oder) stellt das Angebot in der Leipziger Straße zum Jahreswechsel ein/
_cPhilipp Stepputtis,
264 _c2023
653 _aFrankfurt (Oder)
653 _aTagespflege
773 0 _g34. Jahrgang (2023) Nr. 234 vom 07.10.2023, S. 15, mit Foto
_tMärkische Oderzeitung
942 _2z
_cA
999 _c372760
_d372760